| 000 | 00733cab a2200205 4500 | ||
|---|---|---|---|
| 001 | WB2610-36 | ||
| 008 | 090401t1990 xxu||||| |||| 00| 0 eng d | ||
| 035 | _a(Sirsi) u3569 | ||
| 041 | _aeng | ||
| 245 | _aOFT backs down on agents` conduct | ||
| 260 | _c1990 | ||
| 350 | _a0 | ||
| 490 |
_aMoney Week _vly no 148, 7/3/90 p1 |
||
| 520 | _aThe OFT has abandoned a proposal contained in its consultation document published in October 1989 that estate agents should tell sellers how much commission they earn from fixing mortgages and life assurance for buyers. | ||
| 650 | _aFINANCIAL SERVICES | ||
| 650 | _aHARD DISCLOSURE | ||
| 690 | _aMANAGEMENT-BUSINESS MANAGEMENT-PROFESSIONAL PRACTICE | ||
| 942 | _n0 | ||
| 948 | _c04/03/1997 | ||
| 999 |
_c2196 _d2196 |
||